Statystyki dla Quiz geograficzny #1

Kliknij tutaj aby rozwiązać quiz!

Ogólne statystyki

  • Ten quiz został rozwiązany 579 razy
  • Średni wynik to 8 z 20

Statystyki odpowiedzi

PytanieOdpowiedź% Poprawnych
Najgłębsze jezioro w Polsce to jezioro...Hańcza
74%
Największy kraj powstały po rozpadzie ZSRR to...Rosja
69%
Największe miasto Bawarii (Niemcy) to...Monachium
63%
Największe jezioro w Afryce to jezioro...Wiktorii
63%
Azjatyckie miasto-państwo to...Singapur
53%
Najludniejszy stan w USA to...Kalifornia
52%
Najżyźniejsze gleby to...Czarnoziemy
48%
Najgęściej zaludnione państwo świata to...Monako
45%
Europejski kraj śródlądowy, otoczony przez inna śródlądowe państwa to...Liechtenstein
40%
Najrzadziej zaludnione państwo świata to...Mongolia
40%
Europejski kraj "bez stolicy"?Szwajcaria
39%
Superkontynent, który istniał 300 - 180 mln lat temu to...Pangea
33%
Trias, jura, kreda. Jaka to era?Mezozoik
32%
Najmniejsze państwo w Ameryce Pólnocnej to...Saint Kitts i Nevis
32%
Azjatycki kraj śródlądowy, otoczony przez inna śródlądowe państwa to...Uzbekistan
31%
Największe miasto Westfalii (Niemcy) to...Kolonia
24%
Największe miasto Afryki (Nigeria)?Lagos
24%
A obecna era?Kenozoik
19%
Afrykańskie państwo, w którym język hiszpański jest językiem urzędowym to...Gwinea Równikowa
17%
Potoczna nazwa Półwyspu Somalijskiego to...Róg Afryki
16%

Rozkład punktacji

Percentyl według liczby udzielonych odpowiedzi

Procent ludzi z każdym wynikiem

Twoja historia wyników

Nie rozwiązałeś tego quizu